|
|
|
|
| LEADER |
00000nab a2200000 a 4500 |
| 001 |
vtls001497610 |
| 003 |
SK-MaSNL |
| 005 |
20260304234027.0 |
| 008 |
250505s1995 xo 000 0 slo |
| 035 |
|
|
|a SPKCL438
|
| 035 |
|
|
|a urn:nbn:sk:snk-ab77mp
|
| 035 |
|
|
|a (uuid)80174164-b88c-4cc2-b786-c08638aa0960
|
| 035 |
|
|
|a (urnnbn)urn:nbn:sk:snk:ar-a073ud
|
| 035 |
|
|
|a (sysno)vtls001497610
|
| 040 |
|
|
|a SNKBUCL
|b slo
|c SNKBUCL
|e AACR2
|
| 041 |
0 |
|
|a slo
|
| 044 |
|
|
|a xo
|c SK
|
| 080 |
|
|
|a 371.12:37.035
|2 1981
|
| 080 |
|
|
|a 37
|2 1981
|
| 100 |
1 |
|
|a Žilínek, Martin,
|d 1949-2020
|4 aut
|9 220278
|
| 245 |
1 |
0 |
|a Prosociálnosť a učiteľská profesia
|c Martin Žilínek
|
| 650 |
0 |
7 |
|a učitelia
|2 snkbucl
|9 3995
|
| 650 |
0 |
7 |
|a profesijný štatút učiteľa
|2 snkbucl
|9 1570325
|
| 650 |
0 |
7 |
|a prosociálne správanie
|2 snkbucl
|9 49610
|
| 773 |
0 |
|
|t Pedagogické spektrum
|g Roč. 4, č. 11/12 (1995), s. 37-44
|
| 850 |
|
|
|a Slovenská národná knižnica
|
| 852 |
|
|
|a Slovenská národná knižnica
|
| 954 |
|
|
|a odborná, vedecká literatúra pôvodná (slovenská)
|2 lita
|
| 958 |
|
|
|a article27
|
| 958 |
|
|
|a OND
|
| 958 |
|
|
|a EUIPO
|
| 999 |
|
|
|c 3201618
|d 3203548
|